| 000 | 01003cam a2200325 a 4500 | ||
|---|---|---|---|
| 001 | 4443882 | ||
| 003 | ARRUPE | ||
| 005 | 20150227170033.0 | ||
| 008 | 810825s1982 nyu 000 0aeng | ||
| 010 | _a81014422 | ||
| 020 | _a0816423679 (pbk.) | ||
| 035 | _a(OCoLC)7774713 | ||
| 035 | _a(OCoLC)ocm07774713 | ||
| 035 | _a(NNC)4443882 | ||
| 040 |
_aDLC _cDLC _dNNUT _dCStRLIN |
||
| 043 |
_aa-ii--- _aa-np--- _aa-ce--- |
||
| 050 | 0 |
_aBX4705.P423 _bA35 1982 |
|
| 090 |
_aBX4705.P423 _bA35 1982 |
||
| 100 | 1 |
_aPennington, M. Basil. _915628 |
|
| 245 | 1 | 0 |
_aMonastic journey to India / _cM. Basil Pennington. |
| 260 |
_aNew York : _bSeabury Press, _c1982. |
||
| 300 |
_a162 p. ; _c21 cm. |
||
| 600 | 1 | 0 |
_aPennington, M. Basil. _915629 |
| 650 | 0 |
_aMonks _zUnited States _vBiography. _915630 |
|
| 651 | 0 |
_aIndia _xDescription and travel. _915631 |
|
| 651 | 0 |
_aSri Lanka _xDescription and travel. _915632 |
|
| 651 | 0 |
_aNepal _xDescription and travel. _915633 |
|
| 942 |
_2lcc _cMONOGRAPH |
||
| 999 |
_c122227 _d122227 |
||